Compléter la commande de pizza - Statistiques

Statistiques générales
  • Ce quiz a été pris 3 467 fois
  • Le résultat moyen est 10 sur 12
Réponses sur la Carte
Les réponses sont colorées sur une échelle allant du rouge au vert en fonction du pourcentage des utilisateurs qui les ont devinées à leur premier essai. Vous pouvez retrouver ces pourcentages ci-dessous.
 
Statistiques - réponses
Commande Ingrédient % Correct
Attention une bonne pizza utilise toujours une bonne sauce. La sauce tomate
99%
Impossible de faire une pizza sans cette base. Ou alors c'est juste une salade de garnitures ! La pate
95%
Je rajoute toujours ces petits fruits, soit noires soit vertes. Les olives
95%
Pour compléter ce bon début, ajoutons des tranches de ce bon fromage italien bien frais. La mozzarella
94%
Pour ceux qui ne sont pas végétariens on peut en ajouter quelques tranches... Le jambon
94%
Mais ça va pas de rajouter des fruits exotiques vous êtes malade ou quoi ?? L'ananas
92%
Et si on préfère un côté plus automnal, j'ai ramené ça de ma dernière balade en forêt. J'ai vérifié, ils sont bien comestibles. Les champignons
91%
Oulala mais pas le saucisson espagnol par contre, ça rend les pizzas piquantes... Le chorizo
88%
On peut saupoudrer de cet autre fromage bien italien. Il n'y en a jamais trop nulle part ! Le parmesan
83%
Vous êtes sûr que vous voulez rajouter ça ? C'est pas un croque-madame ma pizza ! L'oeuf
81%
Pour continuer d'aromatiser on peut rajouter des feuilles de cette plante, ça fait estival ! Le basilic
72%
Cette herbe aromatique est parfaite pour une pizza bien typiquement italienne ! L'origan
55%
Aucun quiz correspondant
Distribution des résultats
% des personnes avec chaque résultat
Percentile par nombre de réponses
Votre historique - résultats
Vous n’avez pas pris ce quiz